| 000 | 00538nam a2200181 a 4500 | ||
|---|---|---|---|
| 001 | 000044047 | ||
| 005 | 20201002045120.0 | ||
| 008 | 140514s1986 sp 000 0 spa d | ||
| 020 | _a8430912789 | ||
| 040 |
_aDO-SdBNP _bspa _cBNPHU |
||
| 100 | 1 |
_aPerry, Rolando _972030 |
|
| 245 | 1 | 0 |
_aElecciiones por Ordenador / _cRolando Perry ; prólogo de Manuel Jiménez de Parga. |
| 260 |
_aMadrid : _bFundesco, _c1986. |
||
| 300 |
_a194 p. ; _c22 cm. |
||
| 490 | 1 | _aHermes | |
| 700 | 1 | 2 |
_aJiménez de Parga, Manuel _972031 |
| 830 | 0 |
_aHermes _920325 |
|
| 999 |
_c43536 _d43536 |
||